000 00284nam a2200121Ia 4500
008 190216s9999||||xx |||||||||||||| ||und||
100 _aCharles E Skinner
245 0 _aEducational Physiology
260 _bPrentice Hall India
_c1974
300 _a755p
650 _aBotany
942 _cBK
999 _c1244
_d1244